Every Football League Club From the North East of England - Statistics

General Stats
  • This quiz has been taken 1,584 times
  • The average score is 5 of 9
Answer Stats
Clubs % Correct
Newcastle United
99%
Sunderland
98%
Middlesbrough
92%
South Shields / Gateshead
62%
Hartlepool United
61%
Darlington
51%
Durham City
38%
Ashington
10%
Middlesbrough Ironopolis
6%
No matching quizzes found
Score Distribution
Percent of People with Each Score
Percentile by Number Answered
Your Score History
You have not taken this quiz